000 00702nam a2200217 a 4500
005 20260112063237.0
020 _a8183187626
039 _a202110041008
_bstaff
_c201302061719
_d staff
_c201302061719
_d staff
_y 200908062354
_z staff
050 _a362.8
_bSAR
082 _a362.8
_bSAR [ Shelf 76]
100 _aSarma, A. M.
245 _aAspects of labour welfare and social security /
_cA. M. Sarma.
250 _a10th ed.
260 _aMumbai :
_bHimalaya publishing house,
_c2008.
300 _a284 p. ;
_c26 cm.
650 _aLabour welfare.
650 _aSocial security.
991 _aVIRTUA40
991 _aVTLSSORT0080*0200*0500*0820*1000*2450*2500*2600*3000*6500*6501*9992
909 _a1442
999 _c1424
_d1424